000 00634nam a2200193Ii 4500
003 JO-AjNU
008 230605s9999||||xx |||||||||||||| ||und||
040 _aJO-AjNU
_bara
_erda
_cJO-AjNU
041 _aara
050 1 4 _aDT61 2001
100 3 _aتاليف المداح، محمود,
_eauthor
_910778
245 0 0 _aإحياء مكتبة الإسكندرية
264 3 1 _aالقاهرة: دار اماندو للنشر، 2001
300 _a210ص
336 _atext
_btxt
_2rdacontent
337 _aunmediated
_bn
_2rdamedia
338 _avolume
_bnc
_2rdacarrier
650 4 _aمصر - مكتبة الاسكندرية-تاريخ
_910779
999 _aA1981
_c5549
_d5549